Letra de cambio y pagaré ley N§ 18.092: exposición, texto, fuentes y concordancias

Saved in:
Bibliographic Details
Main Author: Puelma Accorsi, Alvaro (Author)
Format: Book
Language:Spanish
Published: Santiago Jurídica de Chile 2006
Edition:1a. ed
Subjects:
Tags: Add Tag
No Tags, Be the first to tag this record!

MARC

LEADER 00000nam a2200000 a 4500
001 UCJ0932
003 CL-VaPUC
008 060914e20060000CL |||||||||||||||||spa|d
020 |a 9561012448 
082 0 4 |a 346.096  |b PUE  |2 21 
100 0 |a Puelma Accorsi, Alvaro  |e author  |9 501391 
245 1 0 |a Letra de cambio y pagaré ley N§ 18.092: exposición, texto, fuentes y concordancias 
250 |a 1a. ed 
300 |a 140 p 
942 |c BK 
945 |d 20060914 00:00:00  |a jtorresc 
260 |a Santiago  |b Jurídica de Chile  |c 2006 
650 0 |a Letras de cambio  |9 254916 
650 7 |a PAGARE  |2 CL-VaPUC  |9 257957 
650 0 |a Aspectos jurídicos  |9 328188 
651 7 |a CHILE  |2 CL-VaPUC  |9 501392 
583 |a last modification  |c 20140409 03:50:20  |k Rodrigo Vera 
999 |c 317670  |d 317668 
952 |0 0  |1 0  |4 0  |6 346_096000000000000_PUE_2006  |7 0  |8 A  |9 394489  |a BIBDER  |b BIBDER  |d 2019-11-22  |i 4280369  |o 346.096 PUE 2006  |p 4280369  |r 2019-11-22  |w 2019-11-22  |y BK  |k DER